书目信息 |
| 题名: |
小型氮肥厂生产
|
|
| 作者: | ;化学工业出版社 编 | |
| 分册: | ||
| 出版信息: | 北京 燃料化学工业出版社 1969 |
|
| 页数: | 48页 | |
| 开本: | 19cm | |
| 丛书名: | ||
| 单 册: | ||
| 中图分类: | TQ441 | |
| 科图分类: | ||
| 主题词: | 氮肥--生产过程 | |
| 电子资源: | ||
| ISBN: | 15063.1179 | |
| 000 | 00767nam0 2200253 450 | |
| 001 | 0109267321 | |
| 005 | 20100713021616.0 | |
| 010 | @a15063.1179@dCNY0.13 | |
| 091 | @a15063.1179 | |
| 100 | @a19960402e19701969em y0chiy0110 ea | |
| 101 | 0 | @achi |
| 102 | @aCN@b110000 | |
| 105 | @af z 000yy | |
| 106 | @ar | |
| 200 | 1 | @a小型氮肥厂生产@9Xiao Xing Dan Fei Chang;An Sheng Chan @e半水煤气的制造@f化学工业出版社编 |
| 210 | @a北京@c燃料化学工业出版社@d1969@h1970重印 | |
| 215 | @a48页@c图表@d19cm | |
| 300 | @a工人读物 | |
| 517 | 1 | @a半水煤气的制造@9ban shui mei qi de zhi zao |
| 606 | 0 | @a氮肥@x生产过程 |
| 690 | @aTQ441@v3 | |
| 711 | 02 | @a化学工业出版社@9hua xue gong ye chu ban she@4编 |
| 801 | 0 | @aCN@b91MARC@c20130904 |
| 905 | @aBZT@dTQ441@e5@f6@sTQ441/5 | |
| 小型氮肥厂生产:半水煤气的制造/化学工业出版社编.-北京:燃料化学工业出版社,1969(1970重印) |
| 48页:图表;19cm |
| 工人读物 |
| ISBN 15063.1179:CNY0.13 |
| ● |
| 相关链接 |
|
|
|
正题名:小型氮肥厂生产
索取号:TQ441/5
 
预约/预借
| 序号 | 登录号 | 条形码 | 馆藏地/架位号 | 状态 | 备注 |
| 1 | 2000080060 | 2000080060 | 旧书回溯/ [索取号:TQ441/5] | 在馆 | |
| 2 | 2000080061 | 2000080061 | 旧书回溯/ [索取号:TQ441/5] | 在馆 | |
| 3 | 2000116120 | 2000116120 | 旧书回溯/ [索取号:TQ441/5] | 在馆 | |
| 4 | 2000116171 | 2000116171 | 旧书回溯/ [索取号:TQ441/5] | 在馆 | |
| 5 | 2000116172 | 2000116172 | 旧书回溯/ [索取号:TQ441/5] | 在馆 | |
| 6 | 2000116173 | 2000116173 | 旧书回溯/ [索取号:TQ441/5] | 在馆 |